Lyrics to Juanes �Qué Pasa? Quiz Stats

 Plays Quiz not verified by Sporcle

Score 0/26 Timer 10:00
0 Plays Today
lyric blank % Correct
___ ____ ________ __que paso pregunto yo
80%
Por qué sera que hay ____ ______?tanta guerra
80%
La gente se ____ ______esta muriendo
80%
Que está tan _______absurdo
80%
yo leo las ______ _______ de horrormismas noticias
60%
La gente se ____ ______esta matando
60%
y yo ____ aquí sin comprendersigo
60%
Que en todos los _______diarios
40%
Por qué sera que hay ____ ______?tanta pena
40%
que está __________taciturno
40%
_____ que ______ ___ _____vidas callan sin razon
20%
Pregunto yo qué pasó en el mundo hoy?
0%
Qué sera? Qué sera? pregunto yo
0%
lyric blank % Correct
Qué sera? pregunto yo
0%
0%
Qué pasa con el mundo
0%
que está tan inmundo?
0%
Qué pasa? pregunto
0%
Qué pasa? pregunto
0%
0%
Pregunto you qué pasa hoy con el mundo?
0%
Qué pasa, que nada bueno nos pasa?
0%
Y que la ___ por aquí nunca pasa
0%
0%
Qué pasa? que solo la guerra pasa
0%
Que es lo que pasa? Pregunto yo
0%

You're not logged in!

Compare scores with friends on all Sporcle quizzes.
OR
Log In

Show Comments

Extras

Created Oct 25, 2010ReportNominate
Tags:Nintendo Quiz, blank, English, June, que

Top Quizzes Today


Score Distribution

Your Account Isn't Verified!

In order to create a playlist on Sporcle, you need to verify the email address you used during registration. Go to your Sporcle Settings to finish the process.

Report this User

Report this user for behavior that violates our Community Guidelines.

Details: